[Event "40. Open Ciudad de Sevilla 2015"]
[Site "Sevilla ESP"]
[Date "2015.01.31"]
[Round "8.13"]
[White "Silva Lucena, Cristian"]
[Black "Vela Ignacio, Jose Manuel"]
[Result "1-0"]
[WhiteElo "2200"]
[BlackElo "1979"]
[PlyCount "137"]
[EventDate "2015.01.25"]
[EventType "swiss"]
[EventRounds "9"]
[EventCountry "ESP"]
[Source "lmi"]
[SourceDate "2015.01.25"]

1. e4 e6 2. d4 d5 3. e5 c5 4. c3 Nc6 5. Nf3 Qb6 6. Be2 Nh6 7. Bxh6 gxh6 8. Qd2
Bg7 9. O-O Bd7 10. Na3 Ne7 11. Nc2 O-O-O 12. a4 Rdf8 13. b4 c4 14. Rfb1 Qd8 15.
b5 f6 16. b6 a6 17. exf6 Bxf6 18. Nb4 Nc6 19. Nxc6 Bxc6 20. Qe3 Qe7 21. Re1
Rhg8 22. Bf1 Bd7 23. Ne5 Bg5 24. Qe2 Qf6 25. g3 Qf5 26. Ra2 Be8 27. Bg2 Bd8 28.
a5 h5 29. Qd2 Be7 30. Qc1 Bd6 31. h4 Rf6 32. Kh2 h6 33. Bh3 Qh7 34. Re3 Rgf8
35. f4 Qg7 36. Qe1 Kd8 37. Rae2 Rg8 38. Rg2 Bb5 39. Qe2 Be8 40. Nf3 Bd7 41. Ne5
Be8 42. Nf3 Bd7 43. Bxe6 Rxe6 44. Rxe6 Bxf4 45. gxf4 Qxg2+ 46. Qxg2 Rxg2+ 47.
Kxg2 Bxe6 48. Ne1 Kd7 49. Nc2 Kc6 50. Ne3 Kb5 51. f5 Bf7 52. f6 Kxa5 53. Nf5
Kxb6 54. Nxh6 Be8 55. Kf2 Kb5 56. Ke2 Ka4 57. Kd2 Kb3 58. f7 Bxf7 59. Nxf7 a5
60. Nd6 Kb2 61. Nxc4+ dxc4 62. d5 a4 63. d6 a3 64. d7 a2 65. d8=Q a1=Q 66. Qb6+
Ka3 67. Qa5+ Kb2 68. Qb4+ Ka2 69. Kc2 1-0

[Event "40. Open Ciudad de Sevilla 2015"]
[Site "Sevilla ESP"]
[Date "2015.01.31"]
[Round "8.14"]
[White "Martin Rengel, Jose Maria"]
[Black "Perez Garcia, Roberto"]
[Result "0-1"]
[WhiteElo "1970"]
[BlackElo "2128"]
[PlyCount "44"]
[EventDate "2015.01.25"]
[EventType "swiss"]
[EventRounds "9"]
[EventCountry "ESP"]
[Source "lmi"]
[SourceDate "2015.01.25"]

1. e4 c6 2. d4 d5 3. exd5 cxd5 4. c4 Nf6 5. Nc3 Nc6 6. Nf3 g6 7. Be2 Bg7 8. O-O
O-O 9. c5 Ne4 10. Be3 e5 11. Rc1 Nxc3 12. Rxc3 e4 13. Ne1 f5 14. Qd2 Qf6 15.
Bh6 Qxd4 16. Qc1 Bxh6 17. Qxh6 Qg7 18. Qf4 Be6 19. Qd6 Qf7 20. Bb5 Nd4 21. a4
a6 22. Qe5 Qf6 0-1

[Event "40. Open Ciudad de Sevilla 2015"]
[Site "Sevilla ESP"]
[Date "2015.01.31"]
[Round "8.15"]
[White "Espejo Montagut, Jonathan"]
[Black "Suarez Fernandez, Enrique Oliv"]
[Result "1-0"]
[WhiteElo "2101"]
[BlackElo "1901"]
[PlyCount "33"]
[EventDate "2015.01.25"]
[EventType "swiss"]
[EventRounds "9"]
[EventCountry "ESP"]
[Source "lmi"]
[SourceDate "2015.01.25"]

1. d4 Nf6 2. c4 e6 3. Nf3 b6 4. g3 Bb7 5. Bg2 Bb4+ 6. Nbd2 c5 7. a3 Ba5 8. O-O
Bxd2 9. Qxd2 cxd4 10. b4 Nc6 11. Bb2 O-O 12. Nxd4 d5 13. Nxc6 Bxc6 14. Rfd1 Ne4
15. Qf4 Qe7 16. cxd5 Bxd5 17. Bxe4 1-0

[Event "40. Open Ciudad de Sevilla 2015"]
[Site "Sevilla ESP"]
[Date "2015.01.31"]
[Round "8.16"]
[White "Mcmahon, Daire"]
[Black "Muñoz Mesa, Miguel Angel"]
[Result "1-0"]
[WhiteElo "2147"]
[BlackElo "1863"]
[PlyCount "43"]
[EventDate "2015.01.25"]
[EventType "swiss"]
[EventRounds "9"]
[EventCountry "ESP"]
[Source "lmi"]
[SourceDate "2015.01.25"]

1. d4 Nf6 2. Nf3 e6 3. c4 d5 4. Nc3 Be7 5. Bf4 a6 6. e3 O-O 7. Rc1 dxc4 8. Bxc4
b5 9. Bd3 Bd6 10. Bg5 h6 11. Bh4 Bb7 12. O-O Nbd7 13. Qe2 Rc8 14. Rfd1 Be7 15.
Bb1 Nb6 16. Bxf6 Bxf6 17. Ne4 Bd5 18. Nc5 Ra8 19. e4 Bc4 20. Qc2 Be7 21. b3
Bxc5 22. dxc5 1-0

[Event "40. Open Ciudad de Sevilla 2015"]
[Site "Sevilla ESP"]
[Date "2015.01.31"]
[Round "8.17"]
[White "Rodriguez Perez, Angel Mariano"]
[Black "Vallbona Domingo, Joan"]
[Result "1-0"]
[WhiteElo "2171"]
[BlackElo "1998"]
[PlyCount "73"]
[EventDate "2015.01.25"]
[EventType "swiss"]
[EventRounds "9"]
[EventCountry "ESP"]
[Source "lmi"]
[SourceDate "2015.01.25"]

1. e4 c5 2. Nf3 e6 3. Nc3 a6 4. a4 Qc7 5. g3 b6 6. Bg2 d6 7. O-O Bb7 8. d4 cxd4
9. Nxd4 Nd7 10. Be3 Rc8 11. f4 Ngf6 12. f5 e5 13. Nb3 Be7 14. Kh1 h5 15. Bg1
Qb8 16. Qe2 O-O 17. h3 Rc7 18. g4 hxg4 19. hxg4 Rxc3 20. bxc3 d5 21. Nd2 Nc5
22. g5 Nfxe4 23. Nxe4 dxe4 24. Be3 g6 25. f6 Bd6 26. Qf2 Bc8 27. Qh4 Re8 28.
Rf2 Ne6 29. Bf1 Nf4 30. Bxf4 Bg4 31. Be3 Qc8 32. c4 Bc5 33. Bxc5 Qxc5 34. Qh6
Qf8 35. Qxf8+ Kxf8 36. Be2 e3 37. Rh2 1-0

[Event "40. Open Ciudad de Sevilla 2015"]
[Site "Sevilla ESP"]
[Date "2015.01.31"]
[Round "8.18"]
[White "De Dios Ortega, Juan Manuel"]
[Black "Delgado Serrano, Angel"]
[Result "1/2-1/2"]
[WhiteElo "2004"]
[BlackElo "2119"]
[PlyCount "60"]
[EventDate "2015.01.25"]
[EventType "swiss"]
[EventRounds "9"]
[EventCountry "ESP"]
[Source "lmi"]
[SourceDate "2015.01.25"]

1. e4 c5 2. Nf3 d6 3. c3 Nf6 4. Be2 g6 5. O-O Bg7 6. Re1 O-O 7. Bf1 Nc6 8. h3
e5 9. d4 exd4 10. cxd4 cxd4 11. Nxd4 Nxd4 12. Qxd4 Re8 13. Bb5 Bd7 14. Bxd7
Qxd7 15. Qd3 d5 16. e5 Nh5 17. f4 g5 18. Nc3 Rad8 19. Ne2 Kh8 20. Qf3 Nxf4 21.
Nxf4 gxf4 22. Bxf4 Qf5 23. Rac1 Rd7 24. g4 Qg6 25. Re2 d4 26. Rd1 d3 27. Red2
Bxe5 28. Bxe5+ Rxe5 29. Rxd3 Rxd3 30. Rxd3 Kg7 1/2-1/2

[Event "40. Open Ciudad de Sevilla 2015"]
[Site "Sevilla ESP"]
[Date "2015.01.31"]
[Round "8.20"]
[White "Lopez Rodriguez, Fernando"]
[Black "Herrera Ramirez, Daniel"]
[Result "1-0"]
[WhiteElo "2117"]
[BlackElo "1970"]
[PlyCount "71"]
[EventDate "2015.01.25"]
[EventType "swiss"]
[EventRounds "9"]
[EventCountry "ESP"]
[Source "lmi"]
[SourceDate "2015.01.25"]

1. Nf3 b5 2. d4 Bb7 3. Nbd2 e6 4. e4 a6 5. Bd3 c5 6. c3 Nf6 7. e5 Nd5 8. Ne4 d6
9. O-O Nc6 10. Bg5 Qc7 11. exd6 Bxd6 12. dxc5 Bf8 13. Re1 f6 14. Bh4 O-O-O 15.
Qb1 Nf4 16. Bf1 h5 17. b4 e5 18. a4 g5 19. Bg3 Nd5 20. axb5 axb5 21. h4 g4 22.
Nfd2 f5 23. Ng5 Qd7 24. c4 Nc3 25. Qc1 f4 26. Qxc3 fxg3 27. Nde4 gxf2+ 28. Kxf2
Nd4 29. cxb5 Qf5+ 30. Kg1 Bxe4 31. Nxe4 Nf3+ 32. gxf3 gxf3 33. Nd6+ Rxd6 34.
cxd6+ Kd7 35. Qc7+ Ke6 36. Bc4+ 1-0